Giới tính- Hai người từ hai hành tinh khác
Phân tích sự khác biệt về tâm lý giới tính. Nhân sinh quan giới tính bắt nguồn từ đâu? Tiền đề giới tính. Luật trung bình và cách phán đoán logic: chân lý của khác biệt giới tính
Na minha lista:
| Autor principal: | |
|---|---|
| Formato: | Livro |
| Idioma: | Vietnamese |
| Publicado em: |
TP. Hồ Chí Minh
Trẻ
2006
|
| Assuntos: | |
| Tags: |
Adicionar Tag
Sem tags, seja o primeiro a adicionar uma tag!
|
| Thư viện lưu trữ: | Trung tâm Học liệu Lê Vũ Hùng, Trường Đại học Đồng Tháp |
|---|
| LEADER | 01071aam a22002538a 4500 | ||
|---|---|---|---|
| 001 | 00028674 | ||
| 005 | 20171026081023.0 | ||
| 008 | 120330s2006 ||||||viesd | ||
| 020 | |c 22500 | ||
| 041 | 0 | # | |a vie |
| 082 | 1 | 4 | |a 155.3 |b GI462T |
| 100 | 1 | # | |a Hồng, Hà |
| 245 | 1 | 0 | |a Giới tính- Hai người từ hai hành tinh khác |c Hồng Hà (biên soạn) |
| 260 | # | # | |a TP. Hồ Chí Minh |b Trẻ |c 2006 |
| 300 | # | # | |a 182tr. |c 18cm. |
| 520 | # | # | |a Phân tích sự khác biệt về tâm lý giới tính. Nhân sinh quan giới tính bắt nguồn từ đâu? Tiền đề giới tính. Luật trung bình và cách phán đoán logic: chân lý của khác biệt giới tính |
| 653 | # | # | |a Công tác xã hội |
| 653 | # | # | |a Giới tính |
| 653 | # | # | |a Tâm lý giới tính |
| 653 | # | # | |a Tâm lý xã hội |
| 852 | # | # | |b Kho đọc |j KD.0012984 |
| 852 | # | # | |j KD.0012984 |
| 910 | |d 30/03/2012 | ||
| 980 | # | # | |a Trung tâm Học liệu Lê Vũ Hùng, Trường Đại học Đồng Tháp |